| 000 | 00827nas a2200277 4500 | ||
|---|---|---|---|
| 001 | BR8500906 | ||
| 003 | BR-BrBNA | ||
| 005 | 20231205090124.0 | ||
| 007 | ta | ||
| 008 | 230509b bl.|||p| |||| 00| 00por d | ||
| 040 |
_aBR-BrBNA _bpor _cBiblioteca Nacional de Agricultura |
||
| 041 | _a(Pt) | ||
| 072 | _aL50 | ||
| 100 | 1 | _aSantos, L.E. dos | |
| 100 | 1 | _aRoda, D.S. | |
| 100 | 1 | _aSanchez, M.J.F. | |
| 100 | 1 | _aGarcia, W. | |
| 245 | 1 | _aEstudo da curva de lactacao de cabras da racas Anglo-nubiana e Moxoto | |
| 246 | 1 | _aStudy of the factation curves of anglonubian and moxoto goats | |
| 650 | _aCABRA | ||
| 650 | _aLACTACAO | ||
| 650 | _aRACA | ||
| 773 | 0 |
_tZootecnia (Brazil) _xISSN 0044-5320 _g(Apr-Jun 1984), v. 22(2) p. 133-151 _wBR8500906 |
|
| 909 |
_a202311 _bLúcia _c55 _dLúcia Elande |
||
| 942 |
_2AGRIS _n0 _cANA |
||
| 999 |
_c116265 _d116265 |
||